000 01028nam a2200313Ia 4500
000 nam a22 i 4500
001 UNACH-5348
007 ta
008 221212s ||||fr|||| 00| | spa d
020 _a978-84-8088-190-6
041 0 _aspa
082 0 4 _a658.314.5
_bRelaciones humanas - Gerencia de personal
100 1 _aWilson, Terry,
_eautor
245 1 0 _aManual del empowerment :
_bCómo conseguir lo mejor de sus colaboradores
250 _a1a ed
264 3 1 _a[Barcelona] :
_aEspaña :
_bGestión 2000,
_c2002
300 _a266 páginas :
_bilustraciones, tablas, gráficos
336 _atexto
_btxt
_2rdacontent
337 _ano mediado
_bn
_2rdamedia
338 _avolumen
_bnc
_2rdacarrier
504 _aIncluye índice, bibliografía.
505 0 _aEstrategías de empowerment.-- Ejercicios individuales de empowerment.
650 1 4 _aADMINISTRACIÓN
650 2 4 _aGESTIÓN ADMINISTRATIVA
650 2 4 _aPERSONAL
653 0 _aRelaciones humanas - Gerencia de personal
942 _2ddc
_c1
_n0
999 _c4283
_d4283